Loading...

Theorizing classical sociology /

Bibliographic Details
Main Author: Ray, Larry J.
Language:Undetermined
Published: Buckingham : Open Uty Press , 1999.
Subjects:
LEADER 00499nam a2200145Ia 4500
001 125328
008 170722s9999 xx 000 0 und d
100 |a Ray, Larry J. 
245 |a Theorizing classical sociology / 
260 |a Buckingham :  |b Open Uty Press ,  |c 1999. 
653 |a Classical Sociology 
923 |d 20000923  |n WCD1543 
942 |c GEN 
999 |c 122558  |d 122558 
952 |0 0  |1 0  |4 0  |6 Y_R_N9  |7 0  |9 173163  |a LIB  |b LIB  |d 2013-03-25  |e Modern Book Centre  |l 3  |o Y:(R) N9  |p 239761  |r 2018-07-19  |s 2018-05-24  |w 2017-08-12  |y GEN